banner koha

Flora das cangas da Serra dos Carajás, Pará, Brasil: Styracaceae (Registro n. 331042)

MARC details
000 -LÍDER
fixed length control field 02009nab a2200241 i 4500
003 - CÓDIGO MARC DA AGÊNCIA CATALOGADORA
Campo de controle BR-BrBNA
005 - DATA E HORA DA ÚLTIMA ATUALIZAÇÃO
Campo de controle 20250415123626.0
008 - CAMPO DE TAMANHO FIXO
fixed length control field 250415b2016 bl.qr|pooa||| 00| 0 por |
040 ## - FONTE DA CATALOGAÇÃO
Agência catalogadora BR-BrBNA
Idioma da catalogação por
072 ## - CATEGORIA AGRIS
Código AGRIS F70
100 ## - ENTRADA PRINCIPAL - NOME PESSOAL
Nome pessoal Viana, Pedro Lage
100 ## - ENTRADA PRINCIPAL - NOME PESSOAL
Nome pessoal Mota, Nara Furtado de Oliveira
245 ## - TÍTULO PRINCIPAL
Título principal Flora das cangas da Serra dos Carajás, Pará, Brasil: Styracaceae
500 ## - NOTA GERAL
Nota geral Publicação on-line; 5 ref.; 1 illus.; Summaries (En, Pt)
942 ## - ADDED ENTRY ELEMENTS (KOHA)
Koha item type Analítica
520 ## - NOTA DE RESUMO
Nota de conteúdo <br/><br/>Resumo<br/><br/>Este estudo apresenta o tratamento florístico da família Styracaceae nas formações de canga da Serra dos<br/>Carajás, no estado do Pará, com descrições detalhadas das espécies, ilustrações e comentários morfológicos.<br/>Foram registradas duas espécies de Styrax: S. griseus e S. pohlii. Styrax griseus foi descrito com base em<br/>material coletado na Serra dos Carajás, mas não é endêmico da área. Styrax pohlii é amplamente distribuído<br/>na porção norte da América do Sul.<br/><br/>Palavras-chave: canga, FLONA Carajás, Styrax.<br/><br/><br/><br/><br/>Abstract<br/><br/>This study is the floristic survey for the Styracaceae recorded in the cangas of the Serra dos Carajás, Pará<br/>state, bringing detailed descriptions, illustrations, and morphological comments for the species. Two species<br/>of Styrax were recorded: S. griseus and S. pohlii. Styrax griseus was described based on material collected<br/>in the Serra dos Carajás, but is not endemic to the area. Styrax pohlii is widely distributed throughout the<br/>Northern portion of South America.<br/><br/>Key words: canga, FLONA Carajás, Styrax.<br/>
650 ## - ASSUNTO - THESAGRO
Cabeçalho tópico ou nome geográfico CARAJÁS
650 ## - ASSUNTO - THESAGRO
Cabeçalho tópico ou nome geográfico STYRAX FERRUGINEUS
650 ## - ASSUNTO - THESAGRO
Cabeçalho tópico ou nome geográfico TAXONOMIA
773 0# - ENTRADA ANALÍTICA
Host Biblionumber 709
Registro do item 349694
Imprenta Rio de Janeiro-RJ Jardim Botanico do Rio de Janeiro 1935
Outro identificador 2025-2214
Título Rodriguésia (Brazil)
ISSN 0370-6583; 2175-7860 on-line
Colação v. 67(5 special number) p. 1477-1480; (2016)
Número de controle de registro BR2025000689
856 ## - ACESSO E ENDEREÇO ELETRÔNICO
Identificador uniforme de recurso - URI https://www.scielo.br/j/rod/a/NHrsN6YtfRPFCp5NspXTdMg/?format=pdf&lang=pt

Nenhum exemplar disponível.

BINAGRI

Telefone: (61)3218-2567/2388/3357/2097 - binagri@agro.gov.br

Ministério da Agricultura e Pecuária , Esplanada dos Ministérios, Bloco D, Anexo B, Brasília/DF, CEP: 70.043-900